Engineeing Mathematics Vol. I (Record no. 1090)

MARC details
000 -LEADER
fixed length control field 00382nam a2200157Ia 4500
008 - FIXED-LENGTH DATA ELEMENTS--GENERAL INFORMATION
fixed length control field 221030s9999 xx 000 0 und d
020 ## - INTERNATIONAL STANDARD BOOK NUMBER
ISBN 8187224053
041 ## - LANGUAGE CODE
Language code of text/sound track or separate title
082 ## - DEWEY DECIMAL CLASSIFICATION NUMBER
Classification number 105.23
Item number Gup
100 ## - MAIN ENTRY--AUTHOR NAME
Personal name P. P. Gupta
245 #0 - TITLE STATEMENT
Title Engineeing Mathematics Vol. I
260 ## - PUBLICATION, DISTRIBUTION, ETC. (IMPRINT)
Name of publisher Krishna Prakashan
Place of publication New Delhi
Year of publication 2001
300 ## - PHYSICAL DESCRIPTION
Number of Pages 10.64
650 ## - SUBJECT ADDED ENTRY--TOPICAL TERM
Topical Term BE Mathematics
942 ## - ADDED ENTRY ELEMENTS (KOHA)
Koha item type Books
Holdings
Accession Number Cost, normal purchase price Serial Enumeration / chronology Full call number Price effective from Koha item type Withdrawn / writtenoff status Materials specified (bound volume or other part) Damaged status Not for loan Permanent Location Current Location Shelving location Date acquired Lost/ Missing status department
BE 2382 225.00 1 105.23 Gup 10/30/2022 Books   Print     MIET Library, Jammu MIET Library, Jammu BL-First, FL-1, CUP-3, SH-5, R-5 01/20/2001   BE